History Quiz

Random History or War Quiz
Score 0/20 Timer 06:00
10 Plays Today
% Correct
Nazi Germany (Third Reich)
87.9%
Empire of Japan
87.8%
United States
87.4%
French Empire
85.5%
Swedish Empire
79%
Great Britain
77.9%
Achaemenid (Persian) Empire
76.4%
Mexico
76.3%
Kingdom of France
74%
Soviet Union
71.1%
% Correct
Ottoman Empire
70.1%
Inca Empire
69%
Kingdom of Scotland
67.5%
Russian Empire
67.5%
Spanish Empire
67.4%
Kingdom of England
63.6%
Roman Empire
63%
Holy Roman Empire
55.2%
Byzantine Empire
45.7%
Umayyad Caliphate
44.1%

You're not logged in!

Compare scores with friends on all Sporcle quizzes.
OR
Log In

Sporcle TV

Today on Sporcle TV


Watch our educational content, quiz creation guides, and fun videos on Sporcle TV.

Show Comments

Extras

Top Quizzes Today


Score Distribution

Paid Content

Your Account Isn't Verified!

In order to create a playlist on Sporcle, you need to verify the email address you used during registration. Go to your Sporcle Settings to finish the process.

Report this User

Report this user for behavior that violates our Community Guidelines.

Details: